00457nam a22001577a 4500003000900000008004100009020001800050040007100068082001500139100001700154245003300171260004100204300002600245650001300271650001500284AR-CdUCM190502b ||||| |||| 00| 0 spa d a84-211-0264-8 aMUNICIPALIDAD PROVINCIAL DEL CUSCOcBIBLIOTECA MUNICIPAL DEL CUSCO a808 /bP52 aPiaget, Jean aLas explicaciones Causales / aBarcelona :bBarral editores,c1971. a233 paginas :c21 cm. aHistoria aLiteratura